|
|
|
|
| LEADER |
00000cam a2200000 7i4500 |
| 001 |
0000012931 |
| 005 |
20080104.0 |
| 008 |
080104 |
| 020 |
|
|
|a 9830461203
|
| 090 |
0 |
0 |
|a 370.154
|b MUH
|
| 100 |
0 |
|
|a Muhd Kamil Ibrahim
|
| 245 |
1 |
0 |
|a Pelajar cemerlang
|c Muhd Kamil Ibrahim & Nasrudin Mohammed
|
| 260 |
|
|
|a Kuala Lumpur :
|b Darul Nu'man ,
|c 1999
|
| 650 |
|
0 |
|a Learning, Psychology of
|
| 650 |
|
0 |
|a Motivation in education
|
| 650 |
|
0 |
|a Study skills
|
| 700 |
0 |
|
|a Nasrudin Mohammed
|
| 710 |
0 |
|
|a Title
|
| 999 |
|
|
|a 0001009087
|b Book
|c Adult Collection
|e Cawangan Muar
|
| 999 |
|
|
|a 0001009088
|b Book
|c Adult Collection
|e Perbadanan Perpustakaan Awam Johor
|
| 999 |
|
|
|a 0001009089
|b Book
|c Adult Collection
|e Perbadanan Perpustakaan Awam Johor
|